Kvetnica pri Poprade "Masarykova liečebňa pľúcne chorých zamestnancov čsl. štátnej správy železničnej."

Zobrazenie: Pohľad v bielom orámovaní na Štefánikovu vilu vľavo v pozadí. Vpravo v pozadí vidno kaplnku. Medzi budovami a v pozadí za nimi vidno hustý ihličnatý les. V popredí je lúka s upraveným nízkym trávnikom. Vľavo od vily vidno osamostený vysoký ihličnatý strom

Bibliographic Details
Format: Postcard
Language:Slovak
PhysicalDescription:1 pohľadnica čiernobiela 10 x 14 cm
Published: [Hradec Králové?] VR Hr Kr [medzi 1919 a 1973?]
Subjects:

MARC

LEADER 00000ckm a2200000 a 4500
001 vtls008183514
003 SK-MaSNL
005 20260512124435.0
007 kp bo
008 230718q1919 xr g kuslo
015 |a SNBG 
035 |a urn:nbn:sk:snk-km00dvtl 
035 |a urn:nbn:sk:snk-km3ls8h 
035 |a B697A485-3EB2-4071-803E-35A6B49D9896 
040 |a SNK  |b slo  |c SNK  |e AACR2 
041 0 |a slo 
043 |a e-xo--- 
044 |a xr  |c CZ 
072 7 |a 913  |x Regionálna geografia  |2 konspekt 
080 |a 913(437.6)  |2 2011 
080 |a (084.121)  |2 2011 
080 |a 728.37  |2 2011 
080 |a 726:27-523.43  |2 2011 
245 0 0 |a Kvetnica pri Poprade  |h grafika  |b "Masarykova liečebňa pľúcne chorých zamestnancov čsl. štátnej správy železničnej." 
246 1 |i Názov na obrazovej časti:  |a Vila Štefánikova a kapla 
260 |a [Hradec Králové?]  |b VR Hr Kr  |c [medzi 1919 a 1973?] 
300 |a 1 pohľadnica  |b čiernobiela  |c 10 x 14 cm 
520 8 |a Zobrazenie: Pohľad v bielom orámovaní na Štefánikovu vilu vľavo v pozadí. Vpravo v pozadí vidno kaplnku. Medzi budovami a v pozadí za nimi vidno hustý ihličnatý les. V popredí je lúka s upraveným nízkym trávnikom. Vľavo od vily vidno osamostený vysoký ihličnatý strom 
650 0 7 |a vily  |2 SNKPH 
650 0 7 |a kaplnky  |2 SNKPH  |9 3026 
651 7 |a Kvetnica (Poprad, Slovensko)  |2 SNKPHgeo  |9 54578 
655 7 |a miestne pohľadnice  |2 SNKPH  |9 70510 
852 |a Slovenská národná knižnica 
954 |a pohľadnice cudzojazyčné (svetové)  |2 lita 
954 |a pohľadnice pôvodné (slovenské)  |2 lita 
958 |a OND 
958 |a GBN 
958 |a GC 
958 |a EUIPO 
999 |c 905960  |d 907890 
952 |a SNK  |b SNK  |y PREZ  |7 0  |p 17A0473809  |o snkSP 75013  |3 rekatalogizácia  |0 0  |1 0  |4 0  |d 2005-07-11  |f 1  |l 0  |r 2026-02-24 07:28:12  |w 2026-02-24